Ensayos sobre la crítica
Guardado en:
| Hovedforfatter: | |
|---|---|
| Format: | Bog |
| Sprog: | Undetermined |
| Udgivet: |
Buenos Aires, Argentina
Argos
1946
|
| Fag: | |
| Tags: |
Tilføj Tag
Ingen Tags, Vær først til at tagge denne postø!
|
MARC
| LEADER | 00000nam a2200000Ia 4500 | ||
|---|---|---|---|
| 008 | 170316s9999 xx 000 0 und d | ||
| 090 | |a 801 S-5e | ||
| 100 | |a Sanctis, Francesco de | ||
| 245 | |a Ensayos sobre la crítica | ||
| 260 | |a Buenos Aires, Argentina | ||
| 260 | |b Argos | ||
| 260 | |c 1946 | ||
| 300 | |a 151 páginas | ||
| 650 | |a TEORÍA LITERARIA | ||
| 650 | |a CRÍTICA LITERARIA | ||
| 650 | |a ENSAYOS CRÍTICOS | ||
| 999 | |c 20675 |d 20675 | ||
| 040 | |a cru BVZT | ||
| 942 | |c 15 D |h 801 S-5e |2 z | ||
